Bellezza e mistero : (Registro nro. 5093)
[ vista simple ]
| 000 -CABECERA | |
|---|---|
| campo de control de longitud fija | 00631cam a2200205 i 4500 |
| 001 - NÚMERO DE CONTROL | |
| campo de control | Rebiun05011904 |
| 003 - IDENTIFICADOR DEL NÚMERO DE CONTROL | |
| campo de control | AR-RoIUNI |
| 005 - FECHA Y HORA DE LA ÚLTIMA TRANSACCIÓN | |
| campo de control | 20190829154836.0 |
| 008 - DATOS DE LONGITUD FIJA--INFORMACIÓN GENERAL | |
| campo de control de longitud fija | 990625s2000 sp 000 0 spa d |
| 040 ## - FUENTE DE LA CATALOGACIÓN | |
| Centro catalogador/agencia de origen | UNAV |
| Centro/agencia transcriptor | AR-RoIUNI |
| 080 ## - NÚMERO DE LA CLASIFICACIÓN DECIMAL UNIVERSAL | |
| Número de la Clasificación Decimal Universal | 82 |
| 100 1# - ENTRADA PRINCIPAL--NOMBRE DE PERSONA | |
| Nombre de persona | Gualco , Fabrizio ( |
| Fechas asociadas al nombre | 1968-) |
| 245 10 - MENCIÓN DE TÍTULO | |
| Título | Bellezza e mistero : |
| Resto del título | la proposta estetico-teologica di H.U. von Balthasar / |
| Mención de responsabilidad, etc. | Frabizio Gualco |
| 260 ## - PUBLICACIÓN, DISTRIBUCIÓN, ETC. (PIE DE IMPRENTA) | |
| Lugar de publicación, distribución, etc. | Genova : |
| Nombre del editor, distribuidor, etc. | Edicolors, |
| Fecha de publicación, distribución, etc. | 2000 |
| 300 ## - DESCRIPCIÓN FÍSICA | |
| Extensión | 156 p. ; |
| Dimensiones | 19 cm |
| 490 0# - MENCIÓN DE SERIE | |
| Mención de serie | Antropica ; |
| Designación de volumen o secuencia | 5 |
| 600 14 - PUNTO DE ACCESO ADICIONAL DE MATERIA--NOMBRE DE PERSONA | |
| Nombre de persona | Balthasar, Hans Urs von ( |
| Fechas asociadas al nombre | 1905-1988)- |
| Subdivisión general | Críe interpretación |
| 650 ## - PUNTO DE ACCESO ADICIONAL DE MATERIA--TÉRMINO DE MATERIA | |
| Término de materia o nombre geográfico como elemento inicial | Literatura |
| 9 (RLIN) | 557 |
| 942 ## - ELEMENTOS DE PUNTO DE ACCESO ADICIONAL (KOHA) | |
| Fuente del sistema de clasificación o colocación | Clasificación Decimal Universal |
| Tipo de ítem Koha | Libros |
| Estado de retiro | Estado de pérdida | Fuente del sistema de clasificación o colocación | Estado dañado | Excepción de préstamo | Código de colección | Localización permanente | Ubicación/localización actual | Ubicación en estantería | Fecha de adquisición | Número de inventario | Total de préstamos | Signatura topográfica completa | Código de barras | Fecha visto por última vez | Precio válido a partir de | Tipo de ítem Koha |
|---|---|---|---|---|---|---|---|---|---|---|---|---|---|---|---|---|
| Clasificación Decimal Universal | Idiomas | BIBLIOTECA CENTRAL | BIBLIOTECA CENTRAL | BIBLIOTECA CENTRAL | 29/08/2019 | 6624 | 821.1331.1 | 6624c | 29/08/2019 | 29/08/2019 | Libros |

